Counterfeit deterrent features for the next-generation currency design

Bibliographic Details
Corporate Authors: National Research Council (U.S.). Committee on Next-Generation Currency Design., ProQuest (Firm)
Other Authors: Sincerbox, Glenn T., 1937-
Format: Electronic eBook
Language:English
Published: Washington, DC : National Academy Press, 1993.
Series:Publication NMAB ; 472.
Subjects:
Online Access:Click to View
LEADER 01781nam a2200397 a 4500
001 EBC3377170
003 MiAaPQ
005 20200520144314.0
006 m o d |
007 cr cn|||||||||
008 940412s1993 dcua sb f000 0 eng d
010 |z  93087390  
020 |z 0309050286 
035 |a (MiAaPQ)EBC3377170 
035 |a (Au-PeEL)EBL3377170 
035 |a (CaPaEBR)ebr10068403 
035 |a (CaONFJC)MIL24685 
035 |a (OCoLC)923268798 
040 |a MiAaPQ  |c MiAaPQ  |d MiAaPQ 
050 4 |a HG349  |b .N38 1993 
110 2 |a National Research Council (U.S.).  |b Committee on Next-Generation Currency Design. 
245 1 0 |a Counterfeit deterrent features for the next-generation currency design  |h [electronic resource] /  |c Committee on Next-Generation Currency Design, National Materials Advisory Board, Commission on Engineering and Technical Systems, National Research Council. 
260 |a Washington, DC :  |b National Academy Press,  |c 1993. 
300 |a xv, 128 p. :  |b ill. 
490 1 |a Publication NMAB ;  |v 472 
500 |a Study was conducted under a contract with the U.S. Treasury Department, Bureau of Engraving and Printing. 
500 |a Committee chairman: Glenn T. Sincerbox. 
504 |a Includes bibliographical references. 
533 |a Electronic reproduction. Ann Arbor, MI : ProQuest, 2015. Available via World Wide Web. Access may be limited to ProQuest affiliated libraries. 
650 0 |a Paper money design  |z United States. 
650 0 |a Counterfeits and counterfeiting  |z United States. 
655 4 |a Electronic books. 
700 1 |a Sincerbox, Glenn T.,  |d 1937- 
710 2 |a ProQuest (Firm) 
830 0 |a Publication NMAB ;  |v 472. 
856 4 0 |u https://ebookcentral.proquest.com/lib/matrademy/detail.action?docID=3377170  |z Click to View